[Event "Wroclaw op-B"]
[Site "Wroclaw"]
[Date "2024.08.09"]
[Round "3"]
[White "Khokhlov, Igor I"]
[Black "Leszczewicz, Karol"]
[Result "1/2-1/2"]
[WhiteElo "1855"]
[BlackElo "1787"]
[PlyCount "77"]
[EventDate "2024.08.08"]
[EventType "swiss"]
[EventRounds "9"]
[EventCountry "POL"]
[SourceTitle "EXT 2025"]
[Source "ChessBase"]
[SourceDate "2024.10.14"]
[SourceVersion "1"]
[SourceVersionDate "2024.10.14"]
[SourceQuality "1"]

1. e4 Nf6 2. e5 Nd5 3. d4 d6 4. Nf3 dxe5 5. Nxe5 g6 6. c4 Nb6 7. Nc3 Bg7 8. Be3 0-0 9. Be2 Be6 10. b3 c5 11. Rc1 cxd4 12. Bxd4 N8d7 13. Nxd7 Nxd7 14. Bxg7 Kxg7 15. 0-0 Nc5 16. b4 Qxd1 17. Rfxd1 Nd7 18. Bf3 Ne5 19. Bxb7 Rab8 20. Bd5 Bxd5 21. Rxd5 Nxc4 22. Rd7 Rxb4 23. Rxa7 e6 24. Ra4 Rxa4 25. Nxa4 Ne5 26. f4 Nd3 27. Rc4 Rb8 28. g3 Rb1+ 29. Kg2 Ra1 30. Nc3 Rc1 31. Rc7 Rc2+ 32. Kf3 Rxh2 33. a4 Rh1 34. Ne4 Ra1 35. Ng5 Rxa4 36. Nxe6+ Kf6 37. Ng5 Ne5+ 38. fxe5+ Kxg5 39. Rxf7 1/2-1/2